Aviation en général - Statistiques

Statistiques générales
  • Ce quiz a été pris 132 fois
  • Le résultat moyen est 5 sur 10
Statistiques - réponses
Question Réponse % Correct
Quel instrument de bord mesure la pression atmosphérique ? le baromètre
73%
Quelle force permet à un avion de rester en l'air ? Portance
72%
Quel est le seul avion militaire produit par Airbus ? A400M
71%
Qu'est ce que le BIA: Brevet d'Initiation Aéronautique
66%
Click sur l'Airbus A350
59%
Qui a reçu en premier sa licence de pilote ? Louis Blériot
55%
Quel document est obligatoire à bord d'un avion pour pouvoir voler légalement ? le certificat de navigabilité
36%
En quelle année a eu lieu le crash du Concorde ? 2000
30%
Quel événement marque le début de l'aviation commerciale régulière ? La création des premières lignes aériennes régulières
30%
Quel est l'avion de ligne le plus répandu ? Boeing 737
23%
Aucun quiz correspondant
Distribution des résultats
% des personnes avec chaque résultat
Percentile par nombre de réponses
Votre historique - résultats
Vous n’avez pas pris ce quiz